000 00330nam a2200121Ia 4500
008 160609s9999 xx 000 0 und d
100 _aHagen, Mike.
245 4 _aThe Nikon Creative Lighting System
245 _cBy:Mike Hagen
260 _c2015
650 _xPHOTOGRAPHY
856 _uhttp://file.ebook777.com/TheNikCreLigSys.zip
999 _c295802
_d295802